| 000 | 00836nas a22001817a 4500 | ||
|---|---|---|---|
| 007 | ta | ||
| 008 | 200320b2020 ||||| |||| 00| 0 eng d | ||
| 041 | _aeng | ||
| 110 |
_94900 _aRoyal Institution of Chartered Surveyors |
||
| 245 | _aValuation Notification - COVID-19 (Coronavirus) | ||
| 260 | _c2020 | ||
| 490 |
_aRICS Press Release _v19 March 2020 |
||
| 520 | _aProvides advice to members carrying out valuations in accordance with the Red Book in the light of the Coronavirus. Reminds on the importance of transparency and that instructions and terms of engagement with clients must be cleared set ou. | ||
| 650 | _aCoronavirus | ||
| 651 | _aInternational | ||
| 690 |
_96273 _aValuation |
||
| 856 |
_uhttps://www.rics.org/uk/news-insight/latest-news/press/press-releases/valuation-notification-coronavirus/ _zRead the press release |
||
| 999 |
_c121233 _d121233 |
||